Quel est ce Nom ? #7 - Géographie - Statistiques

Statistiques générales
  • Ce quiz a été pris 58 fois
  • Le résultat moyen est 12 sur 20
Statistiques - réponses
Hint Réponse % Correct
Himalaya Montagnes
98%
Basse-Normandie Territoire
96%
Nouveau-Mexique Territoire
94%
Andes Montagnes
91%
Majorque Île
89%
Cap-Occidental Territoire
83%
Western Cape Territoire
57%
Lough Corrib Lac
55%
Valais Territoire
55%
Socotra Île
53%
Tazawa Lac
51%
Calabre Territoire
51%
Amazonas Territoire
51%
Tasmanie Île
49%
Sichuan Territoire
47%
Saba Île
43%
Hainan Île
34%
Guanajuato Territoire
25%
Mindoro Île
23%
Gansu Territoire
23%
Aucun quiz correspondant
Distribution des résultats
% des personnes avec chaque résultat
Percentile par nombre de réponses
Votre historique - résultats
Vous n’avez pas pris ce quiz